110 Essential Movies - Statistics

General Stats
  • This quiz has been taken 209 times
    25 since last reset
  • The average score is 41 of 110
Answer Stats
Director and Important Collaborators Movie % Correct
Francis Ford Coppola, Mario Puzo, Aram Avakian Godfather I
95%
Federico Fellini, Leo Cattozo 8 1/2
90%
Quentin Tarantino, Sally Menke Pulp Fiction
90%
Stanley Kubrick, Arthur C Clarke, Ray Lovejoy 2001: A Space Odyssey
80%
Christopher Nolan Dark Knight
80%
David Fincher, Jim Ulhs, James Haygood Fight Club
80%
Christopher Nolan Inception
80%
Fritz Lang M
75%
George Lucas Star Wars Original Trilogy
75%
Steven Spielberg, Micheal Kahn Schindler's List
65%
Martin Scorsese, Paul Schrader, Marcia Lucas Taxi Driver
65%
Charlie Chaplin City Lights
60%
Martin Scorsese, Thelma Schoonmaker Goodfellas
60%
Bong Joon Ho Parasite
60%
Charlie Chaplin The Great Dictator
60%
Stanley Kubrick, Diane Johnson, Ray Lovejoy The Shining
60%
Woody Allen, Wendy Green Bricmont Annie Hall
55%
Francis Ford Coppola, Lisa Frutchman Apocalypse Now
55%
Spike Lee Do the Right Thing
55%
Victor Fleming, George Cukor, Sam Wood Gone With The Wind
55%
Alfred Hitchcock Rear Window
55%
Hayao Miyazaki, Kirk Wise Spirited Away
55%
Michael Curtiz Casablanca
50%
Orson Welles Citizen Kane
50%
Stanley Kubrick, Peter George Dr Strangelove
50%
Jordan Peele Get Out
50%
Frank Capra, William Hornbeck It's a Wonderful Life
50%
James Cameron Terminator 2
50%
Billy Wilder The Apartment
50%
Sergio Leone The Good, the bad and the Ugly
50%
Damien Chazelle, Tom Cross Whiplash
50%
Brad Bird, Andrew Stanton, Sharon Calahan Finding Nemo
45%
Akira Kurosawa Ikiru
45%
David Lean, Anne V Coates Lawrence of Arabia
45%
Roman Polanski Rosemary's Baby
45%
Frank Darabont, Richard Bruce Shawshank Redemption
45%
Gene Kelly, Stanley Donen Singing in the Rain
45%
Peter Weir, Andrew Niccol, The Truman Show
45%
Jim Reardon, Danielle Feinberg, Stephen Schaffer Wall-E
45%
Stanley Kubrick, Tony Lawson Barry Lyndon
40%
Richard Linklater, Sandra Adair Before Sunrise
40%
Paul Thomas Anderson, Dylan Thicenor Boogie Nights
40%
Tim Burton, Caroline Thompson Edward Scissor Hands
40%
Robert Zemeckis, Eric Roth, Arthur Schmidt Forrest Gump
40%
Harold Ramis Groundhog Day
40%
Terry Jones Monty Pythons: Life of Brian
40%
Coen Brothers No Country for Old Men
40%
Steven Spielberg, Micheal Kahn Saving Private Ryan
40%
Jonathan Demme, Craig McKay Silence of the Lambs
40%
Brad Bird, Patrick Jimenez, Stephen Schaffer The Incredibles
40%
Ingmar Bergman, Lennart Wallman The Seventh Seal
40%
Victor Fleming, Mervyn LeRoy, King Vidor, George Cukor, Norman Taurog Wizard of Oz
40%
Joseph Mankiewicz All About Eve
35%
Alejandro González Iñárritu Birdman
35%
Giuseppe Tornatore Cinema Paradiso
35%
Fernando Meirelles, Kátia Lund City of God
35%
Spike Jonze, Jeff Buchannan Her
35%
Wong Kar-wai In the Mood for Love
35%
Greta Gerwig, Nick Houy Lady Bird
35%
Barry Jenkins Moonlight
35%
Sidney Lumet, Paddy Chayefsky Network
35%
Barry Levinson, Stu Linder Rain Man
35%
Billy Wilder Sunset Boulevard
35%
David Fincher, Aaron Sorkin, Kirk Baxter The Social Network
35%
Danny Boyle, John Hodge Trainspotting
35%
Vittorio de Sica Bicycle Thieves
30%
Elem Kilmov Come and See
30%
Sean Baker Florida Project
30%
Tomas Alfredson, John Ajvide Lindqvist Let the Right One in
30%
Andrew Stanton, Jim Stewart, Pete Docter Monsters Inc
30%
Terry Gilliam, Terry Jones Monty Python and The Holy Grail
30%
Celine Sciamma, Julien Lacharay Portrait of a Lady on Fire
30%
Akira Kurosawa Rashomon
30%
Ava DuVernay Selma
30%
Andrei Tarkovsky Stalker
30%
Denis Villeneuve, Joe Walker Arrival
25%
Richard Linklater, Sandra Adair Boyhood
25%
Wolfgang Petersen, Jost Vocano Das Boot
25%
George Miller, Margaret Sixel Mad Max: Fury Road
25%
Noah Baumbach Marriage Story
25%
Wes Anderson Moonrise Kingdom
25%
Costa Gavras Z
25%
Oliver Hirschbiegel, Hans Funck Downfall
20%
Park Chan Hook Handmaiden
20%
Mathieu Kassovitz La Haine
20%
Mike Nichols, Edward Albee Whos Afraid of Virginia Woolf?
20%
Asghar Farhadi A Seperation
15%
Stuart Rosenberg, Sam O'Steen Cool Hand Luke
15%
Edward Zwick Glory
15%
Paweł Pawlikowski, Jaroslaw Kaminski Ida
15%
Gillo Pontecorvo The Battle of Algiers
15%
Giuseppe Rotunno, Luchino Visconti, Enrico Mendoli The Leopard
15%
Jean Renoir The Rules of the Game
15%
Edward Wang Yi Yi
15%
Sebastián Lelio A Fantastic Woman
10%
Terry George, Naomi Geraghty Hotel Rwanda
10%
Ramesh Joshi, Dinen Gupta, Ritwik Ghatka Cloud Capped Star
5%
Roberto Galvadon Macairo
5%
Neeraj Ghawyan Masaan
5%
Ousmane Sembène Moolaade
5%
Danis Tanović No Man's Land
5%
Isao Takahata Princess Kaguya
5%
Destin Daniel Cretton Short Term 12
5%
Hirokazu Koreeda Still Walking
5%
Abderrahmane Sissako Timbuktu
5%
John Lasseter, Joel Cohen, Lee Unkrich, Toy Story (1 and 2)
5%
Sidney Lumet, Reginald Rose Twelve Angry Men
5%
Steve McQueen Twelve Years a Slave
5%
Chen Kaige Yellow Earth
5%
Jean-Pierre Jeunet, Herve Schneid Ameile
0%
No matching quizzes found
Score Distribution
Percent of People with Each Score
Percentile by Number Answered
Your Score History
You have not taken this quiz since the last reset